<?xml version="1.0" encoding="UTF-8"?><?xml-stylesheet type="text/xsl" href="static/style.xsl"?><OAI-PMH xmlns="http://www.openarchives.org/OAI/2.0/" xmlns:xsi="http://www.w3.org/2001/XMLSchema-instance" xsi:schemaLocation="http://www.openarchives.org/OAI/2.0/ http://www.openarchives.org/OAI/2.0/OAI-PMH.xsd"><responseDate>2026-04-27T20:21:15Z</responseDate><request verb="GetRecord" identifier="oai:riubu.ubu.es:10259/9818" metadataPrefix="marc">https://riubu.ubu.es/oai/request</request><GetRecord><record><header><identifier>oai:riubu.ubu.es:10259/9818</identifier><datestamp>2024-12-21T01:05:16Z</datestamp><setSpec>com_10259.4_2543</setSpec><setSpec>com_10259_5086</setSpec><setSpec>com_10259_2604</setSpec><setSpec>col_10259.4_2544</setSpec></header><metadata><record xmlns="http://www.loc.gov/MARC21/slim" xmlns:doc="http://www.lyncode.com/xoai" xmlns:xsi="http://www.w3.org/2001/XMLSchema-instance" xmlns:dcterms="http://purl.org/dc/terms/" xsi:schemaLocation="http://www.loc.gov/MARC21/slim http://www.loc.gov/standards/marcxml/schema/MARC21slim.xsd">
<leader>00925njm 22002777a 4500</leader>
<datafield tag="042" ind1=" " ind2=" ">
<subfield code="a">dc</subfield>
</datafield>
<datafield tag="720" ind1=" " ind2=" ">
<subfield code="a">Fernández Hawrylak, María</subfield>
<subfield code="e">author</subfield>
</datafield>
<datafield tag="720" ind1=" " ind2=" ">
<subfield code="a">Alonso Martínez, Laura</subfield>
<subfield code="e">author</subfield>
</datafield>
<datafield tag="720" ind1=" " ind2=" ">
<subfield code="a">Sevilla Ortega, Elena</subfield>
<subfield code="e">author</subfield>
</datafield>
<datafield tag="720" ind1=" " ind2=" ">
<subfield code="a">Ruiz Ruiz, Mª Elena</subfield>
<subfield code="e">author</subfield>
</datafield>
<datafield tag="260" ind1=" " ind2=" ">
<subfield code="c">2022-12</subfield>
</datafield>
<datafield tag="520" ind1=" " ind2=" ">
<subfield code="a">El objetivo del estudio que se presenta es indagar sobre cómo abordan los docentes de la comunidad de Castilla y León la educación sexual y la diversidad sexual en las prácticas educativas que emplean para la inclusión del alumnado LGTBIQ+ en las aulas y para la gestión de las diferencias entre estudiantes, en los centros educativos de la comunidad. Se inscribe en un marco epistémico interpretativo y metodología cualitativa en el ámbito educativo, que examina las competencias docentes y la realidad de las aulas. Se reunió una muestra de 17 docentes en activo en centros educativos de la comunidad autónoma con quienes se utilizó una entrevista semiestructurada para la recogida de datos. El análisis de datos reveló carencias formativas en el profesorado en relación con la terminología y las estrategias metodológicas para abordar la diversidad sexual en el aula, que lleva consigo la ausencia de prácticas educativas que aborden esta temática. Estos resultados ponen de manifiesto la necesidad de formación del profesorado en aspectos relacionadas con la coeducación y el abordaje de la diversidad sexual en los centros educativos. Se considera fundamental la implementación de protocolos, guías de actuación, programas, así como la visibilización de figuras referentes en sus proyectos educativos, que promuevan la plena inclusión del alumnado y prevengan la discriminación.</subfield>
</datafield>
<datafield tag="520" ind1=" " ind2=" ">
<subfield code="a">The aim of this study is to inquire into how the teachers of the autonomous region of Castile&#xd;
and León address sex education and sexual diversity in the educational practices they use for&#xd;
the inclusion of LGTBIQ+ students in the classrooms and for the management of the&#xd;
differences between students, in the educational centers. A qualitative methodology, within an&#xd;
interpretive epistemic framework, was used to examine teaching skills and reality in the&#xd;
classroom. A total of 17 in-service teachers in educational centers of the region were surveyed.&#xd;
A semi-structured interview was carried out for data collecting. Data analysis revealed a need&#xd;
for training about terminology and methodological strategies to address sexual diversity in the&#xd;
classroom among teaching staff. These shortcomings entail the absence of educational&#xd;
practices that focus on this issue. These results highlight the need for teacher training in&#xd;
sexuality and to address sexual diversity in the schools by establishing protocols, action guides,&#xd;
programmes, and referents in their educational projects that promote the full inclusion of&#xd;
students and prevent discrimination.</subfield>
</datafield>
<datafield tag="024" ind2=" " ind1="8">
<subfield code="a">2254-3139</subfield>
</datafield>
<datafield tag="024" ind2=" " ind1="8">
<subfield code="a">http://hdl.handle.net/10259/9818</subfield>
</datafield>
<datafield tag="024" ind2=" " ind1="8">
<subfield code="a">10.15366/riejs2022.11.2.005</subfield>
</datafield>
<datafield tag="024" ind2=" " ind1="8">
<subfield code="a">2254-3139</subfield>
</datafield>
<datafield ind1=" " ind2=" " tag="653">
<subfield code="a">Educación sexual</subfield>
</datafield>
<datafield ind1=" " ind2=" " tag="653">
<subfield code="a">Inclusión</subfield>
</datafield>
<datafield ind1=" " ind2=" " tag="653">
<subfield code="a">Diversidad sexual</subfield>
</datafield>
<datafield ind1=" " ind2=" " tag="653">
<subfield code="a">Orientación del deseo</subfield>
</datafield>
<datafield ind1=" " ind2=" " tag="653">
<subfield code="a">Formación del profesorado</subfield>
</datafield>
<datafield ind1=" " ind2=" " tag="653">
<subfield code="a">Sexual education</subfield>
</datafield>
<datafield ind1=" " ind2=" " tag="653">
<subfield code="a">Inclusion</subfield>
</datafield>
<datafield ind1=" " ind2=" " tag="653">
<subfield code="a">Sexual diversity</subfield>
</datafield>
<datafield ind1=" " ind2=" " tag="653">
<subfield code="a">Desire orientation</subfield>
</datafield>
<datafield ind1=" " ind2=" " tag="653">
<subfield code="a">Teacher training</subfield>
</datafield>
<datafield tag="245" ind1="0" ind2="0">
<subfield code="a">Inclusión de la Diversidad Sexual en los Centros Educativos desde la Perspectiva del Profesorado:  Un Estudio Cualitativo</subfield>
</datafield>
</record></metadata></record></GetRecord></OAI-PMH>